Hebrews (Record no. 20027)
[ view plain ]
| 000 -LEADER | |
|---|---|
| fixed length control field | 00568nam a2200205Ia 4500 |
| 008 - FIXED-LENGTH DATA ELEMENTS--GENERAL INFORMATION | |
| fixed length control field | 201007s9999||||xx |||||||||||||| ||und|| |
| 020 ## - INTERNATIONAL STANDARD BOOK NUMBER | |
| International Standard Book Number | 0310451833 |
| 020 ## - INTERNATIONAL STANDARD BOOK NUMBER | |
| International Standard Book Number | 9780310451839 |
| 041 ## - LANGUAGE CODE | |
| Language code of text/sound track or separate title | eng |
| 050 ## - LIBRARY OF CONGRESS CALL NUMBER | |
| Classification number | BS2341.2 |
| Item number | .B53 1965- |
| 100 ## - MAIN ENTRY--PERSONAL NAME | |
| Personal name | Morris, Leon |
| 245 #0 - TITLE STATEMENT | |
| Title | Hebrews |
| Remainder of title | / |
| Statement of responsibility, etc. | Leon Morris |
| 260 ## - PUBLICATION, DISTRIBUTION, ETC. | |
| Place of publication, distribution, etc. | Grand Rapids, Mich. : |
| Name of publisher, distributor, etc. | Zondervan Pub. House, |
| Date of publication, distribution, etc. | 1965-1989 |
| 300 ## - PHYSICAL DESCRIPTION | |
| Extent | v. |
| Other physical details | ; |
| Dimensions | 21 cm. |
| 490 ## - SERIES STATEMENT | |
| Series statement | Bible study commentary |
| Volume/sequential designation | v.15 |
| 650 ## - SUBJECT ADDED ENTRY--TOPICAL TERM | |
| Topical term or geographic name entry element | Bible. -- Hebrews -- Commentaries. |
| 650 ## - SUBJECT ADDED ENTRY--TOPICAL TERM | |
| Topical term or geographic name entry element | Bible. -- Hebrews. |
| 949 ## - LOCAL PROCESSING INFORMATION (OCLC) | |
| v | v.15 |
| Withdrawn status | Lost status | Damaged status | Not for loan | Home library | Current library | Shelving location | Date acquired | Total Checkouts | Full call number | Barcode | Date last seen | Price effective from | Koha item type |
|---|---|---|---|---|---|---|---|---|---|---|---|---|---|
| GETS Theological Seminary Library | GETS Theological Seminary Library | General Stacks | 08/26/2020 | BS2775.3 .M67 1983 | 00007519 | 08/26/2020 | 08/26/2020 | English Books | |||||
| GETS Theological Seminary Library | GETS Theological Seminary Library | General Stacks | 10/07/2020 | BS2341.2 .B53 1965- v.15 | 00017415 | 10/07/2020 | 10/07/2020 | English Books |